| 000 | 00833nam a22002057a 4500 | ||
|---|---|---|---|
| 999 |
_c19687 _d19687 |
||
| 003 | AR-CdUCM | ||
| 008 | 190520b ||||| |||| 00| 0 spa d | ||
| 040 |
_aMUNICIPALIDAD PROVINCIAL DEL CUSCO _cBIBLIOTECA MUNICIPAL DEL CUSCO |
||
| 082 |
_a343.8 / _bD53 |
||
| 100 |
_aDelgado Aybar, Yenny Margot _941178 |
||
| 245 | _aprincipios constitucionales en la emisión y aplicación de normas tributario municipales / | ||
| 260 |
_aPerú : _bRemy publicistas, _c2008. |
||
| 300 |
_a140 páginas ; _c22 cm. |
||
| 505 | _aContenido : Marco constitucional en materia de tributación municipal -- Tributación municipal en la constitución de 1933 -- Conceptos básicos... | ||
| 650 |
_aMateria de tributación _941179 |
||
| 650 |
_aGobiernos locales _98462 |
||
| 650 |
_aAutonomía municipal _941180 |
||
| 942 |
_2ddc _cLIBROS |
||
| 945 | _arcc | ||